Dealing with the boardroom burden (Record no. 75387)

MARC details
000 -LEADER
fixed length control field 01066cab a2200181 4500
001 - CONTROL NUMBER
control field L130001
008 - FIXED-LENGTH DATA ELEMENTS--GENERAL INFORMATION
fixed length control field 050614n2005 000 0 eng u
035 ## - SYSTEM CONTROL NUMBER
System control number (Sirsi) u130001
041 ## - LANGUAGE CODE
Language code of text/sound track or separate title eng
100 ## - MAIN ENTRY--PERSONAL NAME
Personal name Cooke, Howard
245 ## - TITLE STATEMENT
Title Dealing with the boardroom burden
260 ## - PUBLICATION, DISTRIBUTION, ETC.
Date of publication, distribution, etc. 2005
490 ## - SERIES STATEMENT
Series statement Facilities Management
Volume/sequential designation 12(9) June 2005, 13-15(3)
520 ## - SUMMARY, ETC.
Summary, etc. Notes how the forthcoming International Accounting Standards are making UK businesses more aware of the management of their property. The two that are particularly relevant for the corporate occupier are Financial Reporting Standards 12 and International Accounting Standards 17. Also mentions the annual Corporate Occupiers report produced by FraserCRE which looks at the attitudes and opinions of UK corporate occupiers. This found that 63% of businesses would like to shed space and 57% of respondents would be prepared to sacrifice security of tenure for more flexible leases.
590 ## - LOCAL NOTE (RLIN)
Local note IKA210605
690 ## - LOCAL SUBJECT ADDED ENTRY--TOPICAL TERM (OCLC, RLIN)
Topical term or geographic name as entry element MANAGEMENT-BUSINESS MANAGEMENT-FINANCIAL MANAGEMENT-ACCOUNTING
942 ## - ADDED ENTRY ELEMENTS (KOHA)
Suppress in OPAC 0
Holdings
Withdrawn status Lost status Source of classification or shelving scheme Damaged status Not for loan Home library Current library Shelving location Date acquired Total Checkouts Full call number Barcode Date last seen Copy number Price effective from Koha item type
    Dewey Decimal Classification     London London Journal article 14/06/2005   L130001 130001-1001 06/08/2019 1 06/08/2019 Journal article